[Event "Budapest FS09 FM-B"]
[Site "Budapest"]
[Date "2009.09.10"]
[Round "6"]
[White "Mayer, Istvan"]
[Black "Gecse, Lajos"]
[Result "1-0"]
[WhiteElo "2186"]
[BlackElo "1622"]
[PlyCount "81"]
[EventDate "2009.09.05"]
[EventType "tourn"]
[EventRounds "9"]
[EventCountry "HUN"]
[SourceTitle "CBM 132 Extra"]
[Source "ChessBase"]
[SourceDate "2009.11.03"]
[SourceVersion "1"]
[SourceVersionDate "2009.11.03"]
[SourceQuality "1"]

1. e4 c5 2. Nf3 d6 3. Bc4 e6 4. Nc3 a6 5. a4 Nf6 6. d4 Be7 7. 0-0 0-0 8. Ba2 Qc7 9. Bf4 Qb6 10. e5 dxe5 11. dxe5 Rd8 12. Qc1 Nd5 13. Ne4 Nc6 14. Bg3 Nd4 15. Nxd4 cxd4 16. Bc4 Qc6 17. Bd3 Nb4 18. Qf4 Nxd3 19. cxd3 Qc2 20. Bh4 Bxh4 21. Qxh4 Bd7 22. Rac1 Qxa4 23. Nf6+ gxf6 24. exf6 Kh8 25. Rc5 Qb3 26. Rc7 Qxd3 27. f3 Qg6 28. Qxd4 Bc6 29. Qc3 Rg8 30. Rf2 Rad8 31. g3 Rd3 32. Qc2 Rxf3 33. Qxg6 hxg6 34. Rxf7 Rxf2 35. Kxf2 Rd8 36. Ke3 Rd7 37. Rf8+ Kh7 38. h4 Kh6 39. g4 e5 40. Rh8+ Rh7 41. g5+ 1-0

[Event "Budapest FS09 FM-B"]
[Site "Budapest"]
[Date "2009.09.07"]
[Round "3"]
[White "Gecse, Lajos"]
[Black "Szecsi, Peter"]
[Result "0-1"]
[WhiteElo "1622"]
[BlackElo "1776"]
[PlyCount "76"]
[EventDate "2009.09.05"]
[EventType "tourn"]
[EventRounds "9"]
[EventCountry "HUN"]
[SourceTitle "CBM 132 Extra"]
[Source "ChessBase"]
[SourceDate "2009.11.03"]
[SourceVersion "1"]
[SourceVersionDate "2009.11.03"]
[SourceQuality "1"]

1. e4 c5 2. Nf3 Nc6 3. d4 cxd4 4. Nxd4 Nf6 5. Nc3 e5 6. Nb3 Bb4 7. Bd2 0-0 8. f3 d6 9. a3 Bxc3 10. Bxc3 Be6 11. Nd2 d5 12. Bd3 a5 13. b3 d4 14. Bb2 Nh5 15. g3 Qg5 16. Qe2 Nf6 17. f4 exf4 18. Nf3 Qh5 19. gxf4 Bg4 20. Rf1 Rfe8 21. 0-0-0 Nd5 22. Rd2 Nxf4 23. Qf2 Bxf3 24. Qxf3 Qxf3 25. Rxf3 Nxd3+ 26. cxd3 Rac8 27. Kb1 Re5 28. Rc2 Rd8 29. Rc4 Rh5 30. h3 Ne5 31. Rc5 Nxf3 32. Rxh5 g5 33. Rh6 Ne5 34. Kc2 Ng6 35. Bc1 f6 36. e5 Kg7 37. Rh5 Nxe5 38. h4 Kg6 0-1

[Event "Budapest FS09 FM-B"]
[Site "Budapest"]
[Date "2009.09.05"]
[Round "1"]
[White "Gecse, Lajos"]
[Black "Szoukup, Istvan"]
[Result "1-0"]
[WhiteElo "1622"]
[BlackElo "1700"]
[PlyCount "173"]
[EventDate "2009.09.05"]
[EventType "tourn"]
[EventRounds "9"]
[EventCountry "HUN"]
[SourceTitle "CBM 132 Extra"]
[Source "ChessBase"]
[SourceDate "2009.11.03"]
[SourceVersion "1"]
[SourceVersionDate "2009.11.03"]
[SourceQuality "1"]

1. e4 e5 2. Nf3 Nc6 3. d4 exd4 4. Nxd4 Bc5 5. Be3 Qf6 6. c3 Nge7 7. Be2 0-0 8. 0-0 d5 9. Nxc6 Qxc6 10. Bxc5 Qxc5 11. exd5 Nxd5 12. g3 Bh3 13. Re1 Rad8 14. Bd3 Nf6 15. Qc2 Qd5 16. Bf1 Bf5 17. Qb3 Qxb3 18. axb3 a6 19. Bg2 c6 20. Na3 Rd7 21. Nc4 Rfd8 22. Ne3 Be6 23. b4 Rd2 24. Rab1 R8d3 25. Red1 Rxd1+ 26. Rxd1 Rxd1+ 27. Nxd1 Bf5 28. Ne3 Bb1 29. c4 Kf8 30. Kf1 Ke7 31. Ke2 Kd6 32. c5+ Kc7 33. Nc4 Ba2 34. Ne5 Be6 35. h3 Ne8 36. g4 f6 37. Nd3 Bc4 38. Be4 h6 39. Bg6 Kd8 40. Bxe8 Kxe8 41. Ke3 Bxd3 42. Kxd3 Kf7 43. Ke4 Kg6 44. Kf4 h5 45. h4 hxg4 46. Kxg4 Kf7 47. h5 Ke6 48. f4 Ke7 49. Kf5 Kf7 50. b3 g6+ 51. hxg6+ Kg7 52. Ke6 Kxg6 53. f5+ Kg5 54. Kd7 Kxf5 55. Kc7 Ke6 56. Kxb7 Kd7 57. Kxa6 f5 58. b5 f4 59. b6 f3 60. b7 f2 61. b8Q f1Q+ 62. Ka7 Qf3 63. Qd6+ Kc8 64. Qe6+ Kd8 65. Kb6 Qf1 66. Qxc6 Qe1 67. Qd6+ Ke8 68. Qd4 Qe6+ 69. Kc7 Qxb3 70. Qd7+ Kf8 71. c6 Qa4 72. Kd8 Qh4+ 73. Kc8 Qa4 74. Qd6+ Ke8 75. Qe6+ Kf8 76. c7 Qa8+ 77. Kd7 Qa4+ 78. Qc6 Qg4+ 79. Kd8 Qg5+ 80. Kc8 Qa5 81. Kb8 Qb4+ 82. Qb7 Qd6 83. Qc8+ Ke7 84. Qb7 Kd7 85. Qb5+ Ke6 86. Qe8+ Kd5 87. Qd8 1-0

[Event "Budapest FS08 FM-C"]
[Site "Budapest"]
[Date "2009.08.13"]
[Round "13"]
[White "Gecse, Lajos"]
[Black "Mendege, Andras"]
[Result "0-1"]
[WhiteElo "1644"]
[BlackElo "1821"]
[PlyCount "49"]
[EventDate "2009.08.01"]
[EventType "tourn"]
[EventRounds "13"]
[EventCountry "HUN"]
[SourceTitle "CBM 131 Extra"]
[Source "ChessBase"]
[SourceDate "2009.09.03"]
[SourceVersion "2"]
[SourceVersionDate "2009.09.16"]
[SourceQuality "1"]

1. e4 e6 2. d4 d5 3. Nc3 dxe4 4. Nxe4 Bd7 5. c4 Bc6 6. Nc3 Nf6 7. Nf3 Bxf3 8. Qxf3 c6 9. Be3 g6 10. Bg5 Bg7 11. Ne4 Nbd7 12. Nd6+ Kf8 13. Nxb7 Qc7 14. Nc5 Nxc5 15. Bxf6 Qa5+ 16. Ke2 Nd7 17. Qxc6 Bxf6 18. Qxa8+ Kg7 19. Qe4 e5 20. d5 Nc5 21. Qc2 e4 22. a3 Qb6 23. Rb1 Nd3 24. b4 Qxf2+ 25. Kd1 0-1

[Event "Budapest FS08 FM-C"]
[Site "Budapest"]
[Date "2009.08.09"]
[Round "9"]
[White "Gecse, Lajos"]
[Black "Vinnay, Istvan"]
[Result "0-1"]
[WhiteElo "1644"]
[BlackElo "1819"]
[PlyCount "104"]
[EventDate "2009.08.01"]
[EventType "tourn"]
[EventRounds "13"]
[EventCountry "HUN"]
[SourceTitle "CBM 131 Extra"]
[Source "ChessBase"]
[SourceDate "2009.09.03"]
[SourceVersion "2"]
[SourceVersionDate "2009.09.16"]
[SourceQuality "1"]

1. e4 c5 2. Nf3 e6 3. d4 cxd4 4. Nxd4 Nf6 5. Bd3 Nc6 6. Nb5 a6 7. N5c3 d5 8. exd5 Nxd5 9. Nxd5 Qxd5 10. 0-0 g6 11. Nc3 Qd8 12. a3 Bg7 13. Bd2 0-0 14. Rb1 Ne5 15. Be2 Bd7 16. f4 Nc6 17. Rf3 Nd4 18. Rd3 Nxe2+ 19. Nxe2 Qc7 20. Bc3 Bb5 21. Bxg7 Kxg7 22. Rf3 Rad8 23. Qe1 Qxc2 24. Nc3 Bc6 25. Rf2 Qf5 26. Qe5+ Qxe5 27. fxe5 f6 28. exf6+ Rxf6 29. Rbf1 Rdf8 30. Rxf6 Rxf6 31. b4 Kf7 32. a4 b5 33. axb5 axb5 34. g3 e5 35. Rxf6+ Kxf6 36. Kf2 g5 37. g4 Kg6 38. h3 h5 39. Kg3 hxg4 40. hxg4 Kf6 41. Kf2 Ke6 42. Ke3 Kd6 43. Kf2 Bd7 44. Kg3 Bc6 45. Kf2 e4 46. Ke3 Ke5 47. Ne2 Kd5 48. Nd4 Bd7 49. Nf5 Bxf5 50. gxf5 Ke5 51. f6 Kxf6 52. Kxe4 Ke6 0-1

[Event "Budapest FS08 FM-C"]
[Site "Budapest"]
[Date "2009.08.07"]
[Round "7"]
[White "Gecse, Lajos"]
[Black "Fenyvesi, Tamas"]
[Result "1/2-1/2"]
[WhiteElo "1644"]
[BlackElo "1794"]
[PlyCount "53"]
[EventDate "2009.08.01"]
[EventType "tourn"]
[EventRounds "13"]
[EventCountry "HUN"]
[SourceTitle "CBM 131 Extra"]
[Source "ChessBase"]
[SourceDate "2009.09.03"]
[SourceVersion "2"]
[SourceVersionDate "2009.09.16"]
[SourceQuality "1"]

1. e4 e6 2. d4 d5 3. Nc3 dxe4 4. Nxe4 Nf6 5. Nxf6+ Qxf6 6. Nf3 h6 7. Bd3 Bd6 8. 0-0 Nd7 9. Re1 0-0 10. c3 e5 11. Be3 Re8 12. Nd2 Nb6 13. Ne4 Qe7 14. h3 Nd5 15. Nxd6 Qxd6 16. dxe5 Rxe5 17. Bd4 Rxe1+ 18. Qxe1 Be6 19. Qe4 f5 20. Qe5 Qxe5 21. Bxe5 c6 22. Bc4 Re8 23. Bxd5 Bxd5 24. Bd4 a6 25. Kf1 Bc4+ 26. Kg1 Re2 27. b3 1/2-1/2

[Event "Budapest FS08 FM-C"]
[Site "Budapest"]
[Date "2009.08.06"]
[Round "6"]
[White "Simon, Tamas"]
[Black "Gecse, Lajos"]
[Result "1-0"]
[WhiteElo "1808"]
[BlackElo "1644"]
[PlyCount "49"]
[EventDate "2009.08.01"]
[EventType "tourn"]
[EventRounds "13"]
[EventCountry "HUN"]
[SourceTitle "CBM 131 Extra"]
[Source "ChessBase"]
[SourceDate "2009.09.03"]
[SourceVersion "2"]
[SourceVersionDate "2009.09.16"]
[SourceQuality "1"]

1. d4 d5 2. c4 e6 3. Nc3 Nf6 4. Bg5 c6 5. Nf3 Be7 6. e3 dxc4 7. Bxc4 0-0 8. 0-0 Nbd7 9. Qc2 Nd5 10. Bxe7 Qxe7 11. Bd3 f5 12. e4 Nb4 13. Qe2 Nxd3 14. Qxd3 Nf6 15. Rae1 fxe4 16. Nxe4 Nxe4 17. Rxe4 Rf5 18. Re5 Qd6 19. Rxf5 exf5 20. Re1 Bd7 21. Qb3+ Kf8 22. Qxb7 Rb8 23. Qxa7 Rxb2 24. Qa5 Be6 25. Rxe6 1-0

[Event "Budapest FS08 FM-C"]
[Site "Budapest"]
[Date "2009.08.04"]
[Round "4"]
[White "Mihajlova, Diana"]
[Black "Gecse, Lajos"]
[Result "0-1"]
[WhiteElo "1527"]
[BlackElo "1644"]
[PlyCount "102"]
[EventDate "2009.08.01"]
[EventType "tourn"]
[EventRounds "13"]
[EventCountry "HUN"]
[SourceTitle "CBM 131 Extra"]
[Source "ChessBase"]
[SourceDate "2009.09.03"]
[SourceVersion "2"]
[SourceVersionDate "2009.09.16"]
[SourceQuality "1"]

1. Nf3 c5 2. c4 d6 3. Nc3 a6 4. d4 cxd4 5. Nxd4 e6 6. e4 g6 7. Be3 Bg7 8. Qd2 Nf6 9. Bh6 0-0 10. Bxg7 Kxg7 11. h4 h5 12. Be2 e5 13. Nb3 Bg4 14. f3 Be6 15. Nd5 Nbd7 16. Qe3 Rc8 17. Rg1 Nh7 18. Rh1 Nhf6 19. Kf2 Bxd5 20. exd5 Nb6 21. Nd2 e4 22. f4 Nxc4 23. Nxc4 Rxc4 24. Rad1 Rc2 25. Qd4 Kh7 26. Kf1 Re8 27. Rd2 Rc1+ 28. Rd1 Rxd1+ 29. Qxd1 e3 30. f5 Ne4 31. fxg6+ fxg6 32. Qe1 Rf8+ 33. Bf3 Qb6 34. Kg1 Nd2 35. Be2 Qxb2 36. Rh3 Qe5 37. Bd3 Re8 38. Rg3 Rg8 39. Rxe3 Qb2 40. Qe2 Kh6 41. Rg3 Qd4+ 42. Re3 Rf8 43. Qxd2 Re8 44. Kf2 Qxh4+ 45. Rg3+ g5 46. Kg1 Qxg3 47. Be2 Qe3+ 48. Qxe3 Rxe3 49. Kf2 Rc3 50. Ke1 Rc2 51. g3 Rxa2 0-1

[Event "Budapest Spring op 25th"]
[Site "Budapest"]
[Date "2009.03.25"]
[Round "6"]
[White "Bertok, Bela"]
[Black "Gecse, Lajos"]
[Result "1-0"]
[WhiteElo "1999"]
[BlackElo "1638"]
[PlyCount "31"]
[EventDate "2009.03.20"]
[EventType "swiss"]
[EventRounds "9"]
[EventCountry "HUN"]
[SourceTitle "CBM 129 Extra"]
[Source "ChessBase"]
[SourceDate "2009.05.05"]
[SourceVersion "2"]
[SourceVersionDate "2009.05.20"]
[SourceQuality "1"]

1. Nf3 c5 2. c4 d6 3. g3 e6 4. Bg2 Nf6 5. Nc3 a6 6. 0-0 Be7 7. d4 cxd4 8. Nxd4 0-0 9. b3 Qc7 10. Bb2 Bd7 11. Rc1 Nc6 12. e3 e5 13. Nde2 Bg4 14. Nd5 Nxd5 15. cxd5 Bxe2 16. Qxe2 1-0